|
|
|
|
| LEADER |
00000nab a2200000 ar4500 |
| 001 |
vtls010118664 |
| 003 |
SK-MaSNL |
| 005 |
20260305031420.0 |
| 008 |
100727c2010 xo wr|p|||||||000 b|slo |
| 038 |
|
|
|a PPPK
|
| 040 |
|
|
|a PPPKCL
|b slo
|c PPPKCL
|e AACR2
|
| 041 |
0 |
|
|a slo
|
| 044 |
|
|
|a xo
|c SK
|
| 080 |
|
|
|a 711.4
|x (437.67)
|2 2001
|
| 080 |
|
|
|a 726.9.012.28
|2 2001
|
| 245 |
0 |
0 |
|a Peniaze na rekonštrukciu získali netradične
|c [text a foto] (mal)
|
| 300 |
|
|
|b Fotogr.
|
| 650 |
0 |
7 |
|a mestá
|2 pppkcl
|9 2929
|
| 650 |
0 |
7 |
|a zvonice
|2 pppkcl
|9 37813
|
| 650 |
0 |
7 |
|a rekonštrukcie
|2 pppkcl
|9 24616
|
| 651 |
|
7 |
|a Vrbov (Slovensko)
|2 pppkcl
|9 43872
|
| 651 |
|
7 |
|a Kežmarok (Slovensko : okres)
|2 pppkcl
|9 51824
|
| 773 |
0 |
|
|t Podtatranské noviny
|g Roč. LI, č. 28 (2010), s. 3
|x 1210-2423
|
| 852 |
|
|
|a PPPK
|b KIS3GCP
|
| 999 |
|
|
|c 3316021
|d 3317951
|